Triuvachagam (Record no. 1007275)

MARC details
000 -LEADER
fixed length control field 00697nam a2200253Ia 4500
003 - CONTROL NUMBER IDENTIFIER
control field OSt
005 - DATE AND TIME OF LATEST TRANSACTION
control field 20221005101719.0
008 - FIXED-LENGTH DATA ELEMENTS--GENERAL INFORMATION
fixed length control field 221004b |||||||| |||| 00| 0 mal d
037 ## - SOURCE OF ACQUISITION
Terms of availability Textual
040 ## - CATALOGING SOURCE
Original cataloging agency CRL
Transcribing agency CRL
Language of cataloging mal
041 ## - LANGUAGE CODE
Source of code mal
Language code of text/sound track or separate title mal
100 ## - MAIN ENTRY--PERSONAL NAME
Personal name Nair Thiruvallam Bhaskaran Au.
9 (RLIN) 622555
245 #0 - TITLE STATEMENT
Title Triuvachagam
260 ## - PUBLICATION, DISTRIBUTION, ETC.
Place of publication, distribution, etc. Trivandrum
Name of publisher, distributor, etc. Kerala Vidya peetam
Date of publication, distribution, etc. 1981
300 ## - PHYSICAL DESCRIPTION
Extent 128p.
Dimensions cm.
650 ## - SUBJECT ADDED ENTRY--TOPICAL TERM
Topical term or geographic name entry element REGIONALISM
9 (RLIN) 222849
942 ## - ADDED ENTRY ELEMENTS (KOHA)
Classification part Q23:417x5,1, 32M1
Koha item type Textual
Source of classification or shelving scheme
Holdings
Withdrawn status Lost status Damaged status Not for loan Home library Current library Date acquired Cost, normal purchase price Total Checkouts Full call number Barcode Date last seen Cost, replacement price Price effective from Koha item type
        Central Library Central Library 2022-10-05 8.00   Q23:417x5,1 32M1 CL0893782 2022-10-05 8.00 2022-10-05 Textual
Copyright @ Delhi University Library System